000 00394nam a22001457a 4500
999 _c5978
_d5976
005 20210827142537.0
008 190910b xxu||||| |||| 00| 0 eng d
020 _a978-81-85790-16-9
041 _aeng
100 _aCHAUDHARI, M.R. KURKARNI, Y.A. AND GOKHALE, S.B.
_95073
245 _aBIOCHEMISTRY AND CLINICAL PATHOLOGY
260 _aPUNE
_bNIRALI PRAKASHAN
300 _aA.22p,
942 _cBK